| 000 | 00365cam a22001337a 4500 | ||
|---|---|---|---|
| 008 | 180718b1993 xxu||||| |||| 00| 0 eng d | ||
| 020 | _a0415097193 | ||
| 082 | _aO91 P395 | ||
| 100 | _aPepper, David | ||
| 245 |
_aEco-socialism from deep ecology to social justice _cby David Pepper |
||
| 260 |
_aLondon _bRoutlledge _c1993 |
||
| 300 | _a266p. | ||
| 650 | _aEnvironment | ||
| 999 |
_c358612 _d358612 |
||